000 01144cam a22002531 4500
001 war24000010
003 DLC
005 20260227112812.0
007 cr_|||||||||||
008 800512s1895 wiuc 000 0 eng c
010 _awar24000010
035 _a(OCoLC)6306759
040 _aU.S. National War College Library
_cPCarlMH
_dOCoLC
_dDLC
050 0 0 _aE601
_b.R643
100 1 _aRobertson, Robert Stoddart,
_d1839-1936.
245 1 0 _aPersonal recollections of the war.
_bA record of service with the Ninety-third New York Vol. Infantry, and the First Brigade, First Division, Second Corps, Army of the Potomac,
_cby Robert Stoddart Robertson.
260 _aMilwaukee, Wis.,
_bSwain & Tate Co.,
_c1895.
300 _a126 p.
_bfront. (port.)
_c23 cm.
530 _aAlso available in digital form on the Internet Archive Web site.
651 0 _aUnited States
_xHistory
_yCivil War, 1861-1865
_xPersonal narratives
651 0 _aUnited States
_xHistory
_yCivil War, 1861-1865
_xRegimental histories
_xNew York Infantry
_x93rd.
610 2 0 _aNew York Infantry.
_b93d Regiment, 1861-1865
856 4 1 _uhttp://hdl.loc.gov/loc.gdc/scd0001.00137850266
999 _c92394
_d92394